00952nam a22002417a 4500003000500000005001700005008004100022010001000063011001000073020001500083035001100098040000900109082001600118100003500134245015000169260011000319300001100429490007000440650004400510700003700554700004900591830007000640CHAP20220329143056.0060119d2004 mx r 00110 spa d a91563 a92535 a9707040777 a103100 cCHAP04a378.068bM300aMarúm Espinosa, Eliaecoord.10aBenchmarking en áreas y procesos académicosc/coord. por Elia Marúm Espinosa, Ma. Lucila Robles Ramos y Ma. Guadalupe Villaseñor Gudiño aMéxico, D. F. :bAsociación Nacional de Universidades e Instituciones de Educación Superior,c2004. a193 p. aBiblioteca de la educación superior. Serie apoyo a la gestión04aEducación superiorxAdministración.0 oRobles Ramos, Ma. Lucilaecoord.1 aVillaseñor Gudiño, Ma. Guadalupeecoord. aBiblioteca de la educación superior. Serie apoyo a la gestión